000 00188nam a2200073Ia 4500
008 170817s9999 xx 000 0 und d
100 _aSMITH D.
245 0 _aMETHODS OF EDUCATIONAL MEASURMENT
260 _bCOMMONWEALTH PUB.
999 _c36793
_d36793